00640nam a2200217Ia 4500003000900000008004100009040001300050040001300063041000800076100001900084245003600103250001200139260001400151260000900165300001100174300001000185490000600195942000700201999001700208952019700225IT-RoPAU120407s9999 xx 000 0 und d aIT-RoPAU cIT-RoPAU aita aGiovanni Locke aSaggio sull’intelletto umano. aBrescia aLa Scuola c1940 a420 p. c19 cm v1 cBK c34380d34380 00102ddc406192_00000000000000071aPAULUSbPAULUSd2012-04-11l0o192.0r2012-04-11 00:00:00w2012-04-11yBKzInserito da: Jole In data: 12 settembre 2011 fondo: Via A.Severo 56 Progr:31681